| 000 | 00893nam a22003017a 4500 | ||
|---|---|---|---|
| 001 | BR2023002142 | ||
| 003 | BR-BrBNA | ||
| 005 | 20231129112724.0 | ||
| 008 | 231128b bl.||||| |||| 00| 0 por d | ||
| 040 |
_aBR-BrBNA _bpor |
||
| 041 | _apor | ||
| 072 | _aM11 ; P01 ; D50 | ||
| 090 | _aM11 BR2023002142 | ||
| 100 | _aMonteiro, Danielle da Silveira (ed.) | ||
| 100 | _aSilva, Kleber Grubel da (ed.) | ||
| 100 | _aMonteiro, Alice Fogaça (ed.) | ||
| 110 | 1 |
_97681 _aNúcleo de Educação e Monitoramento Ambiental, Rio Grande, RS (Brasil) |
|
| 245 |
_aPescadores por natureza: _bInformativo n. 3; Convênio NEMA/MPA 036/2009 |
||
| 260 |
_aRio Grande, RS (Brasil) _c2012 |
||
| 300 | _a6 p. | ||
| 500 | _a8 illus. | ||
| 650 | _aPESCA | ||
| 650 | _aPESCADORES | ||
| 650 | _aDESENVOLVIMENTO SUSTENTÁVEL | ||
| 650 | _aLEGISLAÇÃO | ||
| 909 |
_a202311 _bFernando |
||
| 942 | _cBK | ||
| 999 |
_c86845 _d86845 |
||